000 01315cam a2200133 4500500
005 20260329023208.0
041 _afre
042 _adc
100 1 0 _aBührer-Thierry, Geneviève
_eauthor
245 0 0 _aL'Europe carolingienne 714-888
260 _bArmand Colin,
_c2019.
520 _aPériode fondatrice d’une « Europe » qui trouve ses racines dans l’action politique et stratégique de Charlemagne, l’ère carolingienne fascine et interroge les Européens modernes que nous sommes. Ce sont les dimensions européennes de l’empire carolingien qui sont ici étudiées et expliquées. Cette synthèse renouvelée d’une époque et d’un espace en pleine mutation, complémentaire de tout cours sur la période, offre autant un rappel des événements, une description des différentes parties de l’empire qu’une réflexion sur les éléments qui font alors l’unité de l’Europe : christianisme, culture des élites et réseaux formés par les familles de l’aristocratie. Elle dégage également plusieurs thématiques qui s’imposent aujourd’hui dans la recherche européenne sur le haut Moyen Âge, notamment le rôle des femmes et la gestion de l’espace.
856 4 1 _uhttps://shs.cairn.info/l-europe-carolingienne-714-888--9782200622824?lang=fr&redirect-ssocas=7080
999 _c1925400
_d1925400